Datum a čas kvízu
22
Celkem bodů
Celkový počet nahraných bodů na tomto kvízu bez doplňovacích otázek.
4.
Pořadí na kvízu
Konečné umístění týmu na tomto kvízu.
Zaznamenané odpovědi
| # | Otázka | Odpověď | Body | Výsledky |
|---|---|---|---|---|
| 1. | Naše poslanecká sněmovna minul... | 1 | ||
| 2. | Jde o dvě ručně psané stránky,... | 1 | ||
| 3. | Ze které země pochází dívka, k... | 0 | ||
| 4. | Estonská společnost, nabízejíc... | 0 | ||
| 5. | Několik hráčů londýnského Arse... | 0 | ||
| 6. | Ve kterém severoevropském přís... | 0 | ||
| 7. | Jaltská konference byla jedním... | 1 | ||
| 8. | V severoirském přístavním měst... | 0 | ||
| 9. | Jak se jmenuje černohorské pří... | 0 | ||
| 10. | V přístavním italském městě Sa... | 0 |